| 000 | 01041nam a2200217 a 4500 | ||
|---|---|---|---|
| 008 | 220118s2019 ||||||||||||||||| || u | ||
| 020 | _a9780323655651 | ||
| 050 | _aRD 571 Smi | ||
| 100 | _aDmochowski R. Roger | ||
| 245 | 1 | 0 |
_aHinman's atlas of Urologic surgery _cJoseph A. Smith, Jr ; Stuart S. Howards ; Glen M. Preminger ; Roger R. Dmochowski |
| 250 | _afourth edition | ||
| 260 |
_aPhiladelpia _bElsevier _c2019 |
||
| 300 | _axxv,977pages : illustrations | ||
| 650 | _aGENITOURINARY ORGANS--SURGERY--ATALASES | ||
| 650 | _aUROGENITAL SYSTEM--SURGERY--ATLASES | ||
| 700 | _aHowards S. Stuart | ||
| 700 | _aPreminger M. Glen | ||
| 700 | _a Smith A. Joseph | ||
| 995 |
_aMEDICAL LIBRARY OPEN ACCESS _e905286 _FCBU-SCHOOL OF MEDICINE LIBRARY (Ndola) _I252.17 _jRD 571 Smi _M1 _UAVAILABLE _WJan 18, 2022 _y905286 _ZMedical Library Open Access Collection |
||
| 995 |
_aMEDICAL LIBRARY OPEN ACCESS _e905287 _FCBU-SCHOOL OF MEDICINE LIBRARY (Ndola) _I252.17 _jRD 571 Smi _M2 _UAVAILABLE _WJan 18, 2022 _y905287 _ZMedical Library Open Access Collection |
||
| 999 |
_c64073 _d64073 |
||